Pokemon Gen 9 - Statistics

General Stats
  • This quiz has been taken 13 times
  • The average score is 73 of 120
Answer Stats
Hint type(s) Answer % Correct
998 Dragon/Ice Baxcalibur
100%
975 Ice Cetitan
100%
911 Fire/Ghost Skeledirge
100%
979 Fighting/Ghost Annihilape
80%
947 Ghost/Grass Brambleghast
80%
974 Ice Cetoddle
80%
1002 Dark/Ice Chien-Pao
80%
1004 Dark/Fire Chi-Yu
80%
980 Poison/Ground Clodsire
80%
910 Fire Crocalor
80%
977 Water Dondozo
80%
982 Normal Dudunsparce
80%
981 Normal/Psychic Farigiraf
80%
907 Grass Floragato
80%
996 Dragon/Ice Frigibax
80%
909 Fire Fuecoco
80%
1020 Fire/Dragon Gouging Fire
80%
984 Ground/Fighting Great Tusk
80%
991 Water/Ice Iron Bundle
80%
1023 Steel/Psychic Iron Crown
80%
1010 Grass/Psychic Iron Leaves
80%
994 Fire/Poison Iron Moth
80%
1006 Fairy/Fighting Iron Valiant
80%
983 Dark/Steel Kingambit
80%
1007 Dragon/Fighting Koraidon
80%
915 Normal Lechonk
80%
920 Bug/Dark Lokix
80%
908 Grass/Dark Meowscarada
80%
1008 Electric/Dragon Miraidon
80%
919 Bug Nymble
80%
1025 Poison/Ghost Pecharunt
80%
912 Water Quaxly
80%
913 Water Quaxwell
80%
1021 Electric/Dragom Raging Bolt
80%
988 Bug/Fighting Slither Wing
80%
918 Bug Spidops
80%
906 Grass Sprigatito
80%
1024 Normal Terapagos
80%
1003 Dark/Ground Ting-Lu
80%
957 Fairy/Steel Tinkatink
80%
959 Fairy/Steel Tinkaton
80%
976 Water/Psychic Veluza
80%
960 Water Wiglett
80%
1001 Dark/Grass Wo-Chien
80%
961 Water Wugtrio
80%
930 Grass/Normal Arboliva
60%
1018 Steel/Dragon Archaludon
60%
997 Dragon/Ice Arctibax
60%
962 Flying/Dark Bombirdier
60%
946 Ghost/Grass Bramblin
60%
986 Grass/Dark Brute Bonnet
60%
927 Fairy Dachsbun
60%
1011 Grass/Dragon Dipplin
60%
929 Grass/Normal Dolliv
60%
956 Psychic Espathra
60%
1016 Poison/Fairy Fezandipiti
60%
926 Fairy Fidough
60%
955 Psychic Flittle
60%
987 Fairy/Ghost Flutter Mane
60%
1000 Steel/Ghost Gholdengo
60%
999 Steel Gimmighoul
60%
1019 Grass/Dragon Hydrapple
60%
1022 Rock/Steel Iron Boulder
60%
992 Fighting/Electric Iron Hands
60%
990 Ground/Steel Iron Treads
60%
941 Electric/Flying Kilowattrel
60%
950 Rock Klawf
60%
1015 Poison/Psychic Munkidori
60%
1017 Grass Ogerpon
60%
916 Normal Oinkologne
60%
1014 Poison/Fighting Okidogi
60%
968 Steel Orthworm
60%
921 Electric Pawmi
60%
922 Electric/Fighting Pawmo
60%
923 Electric/Fighting Pawmot
60%
914 Water/Fighting Quaquaval
60%
954 Bug/Psychic Rabsca
60%
1005 Dragon/Dark Roaring Moon
60%
989 Electric/Ground Sandy Shocks
60%
985 Fairy/Psychic Scream Tail
60%
928 Grass/Normal Smoliv
60%
917 Bug Tarountula
60%
978 Dragon/Water Tatsugiri
60%
958 Fairy/Steel Tinkatuff
60%
948 Ground/Grass Toedscool
60%
949 Ground/Grass Toedscruel
60%
940 Electric/Flying Wattrel
60%
936 Fire/Psychic Armarouge
40%
951 Grass Capsakid
40%
937 Fire/Ghost Ceruledge
40%
935 Fire Charcadet
40%
967 Dragon/Normal Cyclizar
40%
963 Water Finizen
40%
973 Flying/Fighting Flamigo
40%
969 Rock/Poison Glimmet
40%
970 Rock/Poison Glimmora
40%
945 Poison/Normal Grafaiai
40%
971 Ghost Greavard
40%
972 Ghost Houndstone
40%
995 Rock/Electric Iron Thorns
40%
943 Dark Mabosstiff
40%
942 Dark Maschiff
40%
925 Normal Maushold
40%
932 Rock Nacli
40%
964 Water Palafin
40%
953 Bug Rellor
40%
966 Steel/Poison Revavroom
40%
938 Electric Tadbulb
40%
924 Normal Tandemaus
40%
965 Steel/Poison Varoom
40%
1009 Water/Dragon Walking Wake
40%
939 Electric Bellibolt
20%
934 Rock Garganacl
20%
993 Dark/Poison Iron Jugulis
20%
933 Rock Naclstack
20%
1012 Grass/Ghost Poltchageist
20%
952 Grass/Fire Scovillain
20%
944 Poison/Normal Shroodle
20%
1013 Grass/Ghost Sinistcha
20%
931 Normal/Flying Squawkabilly
20%
No matching quizzes found
Score Distribution
Percent of People with Each Score
Percentile by Number Answered
Your Score History
You have not taken this quiz